| 000 | 00399nam a2200145 i 4500 | ||
|---|---|---|---|
| 001 | 95923 | ||
| 003 | ES-MaACL | ||
| 007 | t| | ||
| 008 | 050608s1948 cu ||||1| spa d | ||
| 100 | 1 |
_aMacau, Miguel Angel. _975060 |
|
| 245 | 1 | 0 |
_aLĂrica Saturnal / _cMiguel Angel Macau. |
| 260 |
_aLa Habana : _bB. Costa-Amic, _c1948. |
||
| 300 |
_a135 p., 3 h. ; _c18 cm. |
||
| 852 |
_aES-MaACL _jB-7390 _bR.29108 |
||
| 999 |
_c95923 _d95923 |
||